Movies Quiz

Random Movies or Clickable Quiz

Star Wars Character Species Quiz Stats

 Plays Quiz not verified by Sporcle

Challenge
Share
Tweet
Embed
Score 0/30 Timer 10:00
0 Plays Today
% Correct
Wookiee
97.1%
Hutt
97.1%
Gungan
93.3%
Human
93.3%
Mon Calamari
90.5%
Ewok
90.5%
Toydarian
83.8%
Dug
82.9%
Rodian
80%
Neimoidian
80%
Twi'lek
78.1%
Geonosian
76.2%
Zabrak
75.2%
Kaminoan
72.4%
Trandoshan
70.5%
% Correct
Cerean
70.5%
Nautolan
64.8%
Sullustan
61.9%
Kel Dor
61.9%
Aqualish
58.1%
Chiss
55.2%
Kaleesh
54.3%
Iktotchi
47.6%
Gand
45.7%
Thisspiasian
44.8%
Cathar
41.9%
Sith
39%
Yuuzhan Vong
34.3%
Caamasi
32.4%
Quarren
29.5%

You're not logged in!

Compare scores with friends on all Sporcle quizzes.
OR
Log In

You Might Also Like...

Show Comments

Extras

Top Quizzes Today


Score Distribution

Your Account Isn't Verified!

In order to create a playlist on Sporcle, you need to verify the email address you used during registration. Go to your Sporcle Settings to finish the process.

Report this User

Report this user for behavior that violates our Community Guidelines.

Details: